Nafta Gbely

Z obsahu: Vláda začala rokovať so záujemcami o Naftu už v decembri. FNM vyhodnotil v máji za najlepšiu ponuku Cinergy. Prieťahy pri založení spoločného podniku SPP a FNM sa skončili predajom Aradu. Doteraz nie je známy pôvodný vlastník Druhej obchodnej.

Gespeichert in:
Bibliographische Detailangaben
1. Verfasser: Hirman, Karel
Format: Buchkapitel
Sprache:Slowakisch
Schlagworte:
Tags: Tag hinzufügen
Keine Tags, Fügen Sie das erste Tag hinzu!

MARC

LEADER 00000naa a2200000 4500
001 r035588
005 20230921103801.4
041 0 |a slo 
044 |a SK 
245 1 0 |a Nafta Gbely  |c Karel Hirman 
520 |a Z obsahu: Vláda začala rokovať so záujemcami o Naftu už v decembri. FNM vyhodnotil v máji za najlepšiu ponuku Cinergy. Prieťahy pri založení spoločného podniku SPP a FNM sa skončili predajom Aradu. Doteraz nie je známy pôvodný vlastník Druhej obchodnej. 
610 2 0 |a privatizácia 
610 2 0 |a predaj 
610 2 0 |a investície zahraničné 
610 2 0 |a investície zo zahraničia 
610 2 0 |a podnik spoločný 
610 2 0 |a vlády 
610 2 0 |a Nafta, a.s. Gbely 
610 2 0 |a FNM SR Bratislava 
100 1 |a Hirman, Karel